000 00640nam a2200253Ia 4500
005 20260121161148.0
008 008 260114s9999 xx 000 0 eng d
020 _a9781032657899
037 _aEBOOK
040 _aCRL
040 _beng
040 _cCRL
041 _2eng
041 _aeng
084 _qCRL
100 _aOlga Maria Hajduk
_91040970
245 0 _aSanti Gucci Fiorentino, Artist and Entrepreneur in Early Modern Poland:
260 _bTaylor and Francis
260 _c2024
856 _uhttp://www.taylorfrancis.com/books/9781032657899
942 _cEBOOK
999 _c1607786
_d1607786